Lotyšsko ďalší štát eurozóny

Proces prípravy Lotyšska na vstup do eurozóny. Správa o konvergencii vypracovaná Európskou centrálnou bankou v júni 2013 potvrdzuje, že Lotyšsko je pripravené vstúpiť do eurozóny.

Guardado en:
Detalles Bibliográficos
Autor principal: Urbanová, Gabriela
Formato: Capítulo de libro
Lenguaje:eslovaco
Materias:
Etiquetas: Agregar Etiqueta
Sin Etiquetas, Sea el primero en etiquetar este registro!

MARC

LEADER 00000nla a2200000 4500
001 0183191
005 20221104122945.8
041 0 |a slo 
044 |a SK 
245 1 0 |a Lotyšsko ďalší štát eurozóny  |c Gabriela Urbanová 
520 |a Proces prípravy Lotyšska na vstup do eurozóny. Správa o konvergencii vypracovaná Európskou centrálnou bankou v júni 2013 potvrdzuje, že Lotyšsko je pripravené vstúpiť do eurozóny. 
610 2 0 |a Európska únia 
610 2 0 |a eurozóna 
610 2 0 |a integrácia menová 
610 2 0 |a konvergencia 
610 2 0 |a politika kohézna 
610 2 0 |a spolupráca medzinárodná 
100 1 |a Urbanová, Gabriela